000 00474nmm a2200169Ia 4500
008 251105s9999||||xx |||||||||||||||||und||
020 _a9789871518692
041 _aspa
100 _aSilvera, Marcelo
245 0 _aMonitor interior
264 _a[Buenos Aires, Argentina] :
_bEduvim,
_c2009
300 _a72 páginas
490 _aUP cincomilnovecientos
650 _aLatin American narrative
856 _uhttps://public.digitaliapublishing.com/a/14509
942 _cCF
999 _c97255
_d97255